Schnelles Tippen # 1 Zahlen - Statistiken

Allgemein
  • Dieses Quiz wurde 151 mal gespielt
  • Das Durchschnittsergebnis liegt bei 38 aus 100
Antwortstatistiken
Hint Antwort % Korrekt
1 1
100%
4 4
97%
7 7
95%
9 9
95%
5 5
93%
6 6
93%
9 9
93%
1 1
92%
8 8
92%
5 5
90%
6 6
90%
8 8
89%
9 9
89%
4 4
87%
2 2
86%
7 7
86%
7 7
85%
3 3
84%
5 5
83%
9 9
83%
1 1
79%
0 0
78%
3 3
78%
7 7
78%
2 2
76%
8 8
76%
0 0
73%
6 6
71%
5 5
68%
5 5
64%
1 1
61%
2 2
59%
0 0
58%
5 5
58%
6 6
53%
8 8
53%
4 4
46%
7 7
41%
1 1
39%
2 2
39%
0 0
34%
9 9
33%
3 3
30%
7 7
29%
2 2
27%
1 1
25%
5 5
25%
2 2
24%
3 3
24%
6 6
24%
7 7
24%
8 8
24%
1 1
23%
8 8
23%
2 2
22%
3 3
22%
5 5
22%
0 0
20%
7 7
20%
2 2
19%
1 1
17%
6 6
15%
9 9
14%
5 5
13%
7 7
13%
6 6
12%
4 4
11%
8 8
11%
3 3
10%
2 2
9%
8 8
9%
8 8
9%
0 0
8%
1 1
8%
4 4
8%
5 5
8%
6 6
8%
1 1
6%
9 9
6%
9 9
6%
0 0
5%
2 2
5%
2 2
5%
6 6
5%
7 7
5%
8 8
5%
3 3
4%
0 0
3%
1 1
3%
4 4
3%
5 5
3%
6 6
3%
7 7
3%
8 8
3%
0 0
2%
2 2
2%
5 5
2%
8 8
2%
9 9
2%
4 4
1%
Keine übereinstimmenden Quizze gefunden
Verteilung der Resultate
Anzahl Personen mit jedem Resultat
Perzentil nach korrekt beantworteten Fragen
Ihre Resultats-Entwicklung
Sie haben dieses Quiz noch nicht gespielt